Normal view
MARC view
Entry Topical Term
001 - CONTROL NUMBER
- control field: 12646
003 - CONTROL NUMBER IDENTIFIER
- control field: BD-RjUL
005 - DATE AND TIME OF LATEST TRANSACTION
- control field: 20240421192003.0
008 - FIXED-LENGTH DATA ELEMENTS
- fixed length control field: 240421|| aca||aabn | a|a d
040 ## - CATALOGING SOURCE
- Original cataloging agency: BD-RjUL
- Transcribing agency: BD-RjUL
150 ## - HEADING--TOPICAL TERM
- Topical term or geographic name entry element: Nickel
- General subdivision: Inorganic Chemistry
670 ## - SOURCE DATA FOUND
- Source citation: Work cat.: (BD-RjUL)83552: Sattar, Md. Abdus 10161, Electrochemistry and stoichiometry of thin film oxides on nickel / , 1968